01242 a2200217 45000010006000000050017000060080041000230030015000640400040000790800033001192450040001520200018001922500012002102640034002223000026002565050598002820410008008801000017008887000020009058560099009255305420260407155804.0260407a1997 arg spa dAR-UNSa-BCEJYS aAR-UNSa-BCEJYSbspacAR-UNSa-BCEJYS a330.101.542xMicroeconomía10aIntroducción a la microeconomía a84-89660-08-5 a3a. ed. 1aMadrid :bPrentice Hallc1997 axviii, 539 p.c25 cm. a1. Introducción a la economía - 2. La oferta y la demanda - 3. La intervención del Estado en el mercado - 4. Antecedentes de la demanda 5. Antecedentes de la oferta - 6.La maximización de los beneficios en condiciones de competencia perfecta y de monopolio - 7. La maximización de los beneficios en condiciones de competencia imperfecta - 8. Otras teorías de la empresa - 9. La teoría de la distribución de la renta - 10. La desigualdad,la pobreza y las medidas para redistribuir la renta - 11. Los mercados,la eficiencia y el interés público - 12. Microeconomía aplicada aspa1 aSloman, John1 aSutcliffe, Mark41uhttps://www.biblioeco.unsa.edu.ar/pmb/images/libros/L128429.jpgyImagen de portadaqimage/jpeg